Word Scramble - NBA Teams - Statistics

General Stats
  • This quiz has been taken 40 times
  • The average score is 21 of 30
Answer Stats
Hint Answer % Correct
ZAJZ Jazz
86%
ETSN Nets
86%
NOTISPS Pistons
86%
SINKG Kings
83%
RPSUS Spurs
83%
NSUS Suns
79%
LAAIERCLVS Cavaliers
76%
AHET Heat
76%
RHENTUD Thunder
76%
KSUCB Bucks
72%
LSBLU Bulls
72%
KSIEAVRMC Mavericks
72%
IRXSE Sixers
72%
SRIAOWR Warriors
72%
AICMG Magic
69%
PAOSTR Raptors
69%
DIAWSRZ Wizards
69%
STUGNEG Nuggets
66%
SNALEIPC Pelicans
66%
SOEEWMRLVTBI Timberwolves
66%
SRALAZTIREB Trailblazers
66%
WAKSH Hawks
62%
KAESRL Lakers
62%
RESAPC Pacers
62%
TCSIECL Celtics
59%
PLIPSCRE Clippers
59%
NOESTHR Hornets
59%
SKINC Knicks
59%
EORTSKC Rockets
55%
ILRZIEGSZ Grizzlies
52%
No matching quizzes found
Score Distribution
Percent of People with Each Score
Percentile by Number Answered
Your Score History
You have not taken this quiz